00631nam a2200229 a 4500001001300000003000900013005001700022008004100039020002200080082001300102100001600115245001700131260003200148300000900180500003500189650001700224700001600241902000800257942000700265952011200272999001700384nice12345678IN_TiNIC20260116014151.0080110s2002 dela grp 000 0 eng  a8171677258 c9500a909bBEL aBell, Clive aCivilisation aDelhi bRupa and Co. c2002 a216p aincludes index and biblioraphy aCivilization1 aBell, Clive bSRS cBK 001040708StackRoom-aHMIbHMId2008-01-10g95.00l0o909 BELp022236r2008-01-10v95.00w2008-01-10yBK c14157d14157